[Event "7th Paleochora Open 2014"]
[Site "Paleochora GRE"]
[Date "2014.07.22"]
[Round "3.13"]
[White "Pakleza, Zbigniew"]
[Black "Christiansen, Johan-Sebastian"]
[Result "1-0"]
[WhiteTitle "IM"]
[WhiteElo "2487"]
[BlackElo "2252"]
[WhiteFideId "1119290"]
[BlackFideId "1512668"]
[EventDate "2014.07.21"]

1. d4 Nf6 2. Nf3 c5 3. d5 b5 4. Bg5 Qb6 5. Bxf6 Qxf6 6. Nc3 b4 7. Na4 d6 8. e4
Nd7 9. Bb5 e5 10. dxe6 Qxe6 11. O-O Be7 12. a3 Rb8 13. Qd3 a5 14. axb4 axb4 15.
Rfd1 Rb7 16. Bc6 Rc7 17. Bxd7+ Bxd7 18. Nb6 Bc6 19. Nd5 Rd7 20. Qa6 Bb7 21. Qb5
Bd8 22. Ra7 Bc8 23. Ra8 Bb7 24. Nc7+ Ke7 25. Nxe6 Bxa8 26. Nxg7 Bxe4 27. Re1 d5
28. Qxc5+ 1-0

[Event "7th Paleochora Open 2014"]
[Site "Paleochora GRE"]
[Date "2014.07.22"]
[Round "3.14"]
[White "Sbarra, Marco"]
[Black "Rombaldoni, Denis"]
[Result "0-1"]
[WhiteTitle "FM"]
[BlackTitle "IM"]
[WhiteElo "2237"]
[BlackElo "2484"]
[WhiteFideId "804401"]
[BlackFideId "813575"]
[EventDate "2014.07.21"]

1. d4 Nf6 2. c4 e6 3. Nc3 Bb4 4. e3 O-O 5. Ne2 d5 6. a3 Be7 7. cxd5 exd5 8. Nf4
c6 9. Bd3 Bd6 10. Nh5 Nxh5 11. Qxh5 g6 12. Qh6 Re8 13. O-O f5 14. Bd2 Nd7 15.
Rad1 Nf8 16. Rfe1 Ne6 17. f4 Ng7 18. Qh3 Nh5 19. Re2 Nf6 20. Be1 Ne4 21. Bh4 Be7
22. Bxe7 Qxe7 23. Bxe4 fxe4 24. Qg3 Qf6 25. Rc1 b6 26. Nd1 Ba6 27. Rec2 Rac8 28.
Nf2 h5 29. b4 Bc4 30. Nh3 Qf5 31. Qg5 Kg7 32. Kf2 a5 33. Ke1 axb4 34. axb4 Ra8
35. Qxf5 gxf5 36. Kd2 b5 37. Nf2 Kf6 38. Rb2 Rg8 39. Rg1 Ra3 40. g3 Rga8 41. Rc1
Ra2 42. Rxa2 Rxa2+ 43. Rc2 Ra4 44. Rb2 Ra1 45. Nd1 h4 46. gxh4 Kg6 47. Nc3 Rh1
48. Nd1 Kh5 49. Nf2 Rxh2 50. Kc3 Kxh4 51. Nd3 Rh3 52. Ne5 Rxe3+ 53. Kd2 Re2+ 54.
Kc3 Rxb2 55. Kxb2 0-1

[Event "7th Paleochora Open 2014"]
[Site "Paleochora GRE"]
[Date "2014.07.22"]
[Round "3.15"]
[White "Stopa, Jacek"]
[Black "Mihajlov, Sebastian"]
[Result "1-0"]
[WhiteTitle "IM"]
[BlackTitle "CM"]
[WhiteElo "2482"]
[BlackElo "2227"]
[WhiteFideId "1119591"]
[BlackFideId "1512110"]
[EventDate "2014.07.21"]

1. e4 e5 2. Nf3 Nc6 3. Be2 Nf6 4. d3 Be7 5. O-O O-O 6. Nbd2 d5 7. c3 h6 8. Re1
Re8 9. exd5 Nxd5 10. Bf1 Bf6 11. a4 a5 12. g3 Bf5 13. Qb3 Qd7 14. Ne4 Be7 15.
Qb5 b6 16. Ned2 Bf6 17. h3 Rad8 18. Kh2 g5 19. Ne4 Bg7 20. g4 Bg6 21. Be3 Nf4
22. Nfd2 f5 23. gxf5 Bxf5 24. Bxf4 exf4 25. d4 Kh8 26. Bg2 Ne7 27. Nc4 Ng6 28.
Ned2 Qxb5 29. axb5 Bd7 30. Na3 Kg8 31. Ndc4 Kf8 32. Bf3 Rxe1 33. Rxe1 Bf6 34.
Bh5 Bf5 35. Bg4 Bxg4 36. hxg4 Kf7 37. Nd2 Rd5 38. Nf3 Nf8 39. Nd2 Be7 40. Ndc4
Ng6 41. Re4 Kf6 42. Kg1 Nh4 43. Kf1 Nf3 44. Ke2 Ng1+ 45. Kd3 Nf3 46. Rxe7 Kxe7
47. Ke4 Nh2 48. Kxd5 Nxg4 49. f3 Nf2 50. Ke5 h5 51. Kf5 h4 52. Nd2 Nd1 53. Kxg5
h3 54. Nf1 Ne3 55. Nh2 1-0

[Event "7th Paleochora Open 2014"]
[Site "Paleochora GRE"]
[Date "2014.07.22"]
[Round "3.16"]
[White "Tchantcev, Chaliko"]
[Black "Antic, Dejan"]
[Result "1/2-1/2"]
[BlackTitle "GM"]
[WhiteElo "2216"]
[BlackElo "2479"]
[WhiteFideId "4136551"]
[BlackFideId "901008"]
[EventDate "2014.07.21"]

1. Nf3 Nf6 2. b3 d6 3. Bb2 e5 4. c4 g6 5. g3 Bg7 6. Bg2 O-O 7. d3 Nc6 8. Nbd2
Nh5 9. Rb1 f5 10. O-O g5 11. e3 g4 12. Ne1 Nf6 13. f3 gxf3 14. Bxf3 Bh6 15. Ng2
Nb4 16. Qe2 Nxa2 17. e4 Nb4 18. exf5 Bxf5 19. Ne4 Qd7 20. Ne3 Bxe4 21. dxe4
Bxe3+ 22. Qxe3 Nc6 23. Be2 Qg7 24. Rf5 Ne7 25. Rg5 Ng6 26. Kh1 h6 27. Rf5 Ne7
28. Rbf1 Nxf5 29. exf5 Qg5 30. Qxg5+ hxg5 31. Bc1 g4 32. h3 gxh3 33. Kh2 a5 34.
Bd1 d5 35. cxd5 Nxd5 36. Kxh3 b5 37. g4 a4 38. bxa4 bxa4 39. g5 Ra6 40. f6 Rc6
41. Bf3 Rc3 42. Kg4 c6 43. Kf5 Ne7+ 44. Ke6 Ng6 45. Be4 Nf4+ 46. Kxe5 Nd3+ 47.
Bxd3 Rxd3 48. g6 Rd5+ 49. Ke4 Re8+ 50. Kf4 Rd4+ 51. Kf5 Rd5+ 52. Kf4 1/2-1/2

[Event "7th Paleochora Open 2014"]
[Site "Paleochora GRE"]
[Date "2014.07.22"]
[Round "3.17"]
[White "Skembris, Spyridon"]
[Black "Tchernyi, Viktor"]
[Result "1-0"]
[WhiteTitle "GM"]
[BlackTitle "FM"]
[WhiteElo "2473"]
[BlackElo "2207"]
[WhiteFideId "4200020"]
[BlackFideId "4127757"]
[EventDate "2014.07.21"]

1. d4 e6 2. c4 f5 3. g3 Nf6 4. Bg2 Be7 5. Nc3 O-O 6. Nh3 d6 7. O-O Qe8 8. e4
fxe4 9. Nxe4 Nxe4 10. Bxe4 e5 11. Bg2 Nc6 12. dxe5 dxe5 13. Ng5 Qg6 14. h4 Bxg5
15. Bxg5 Nd4 16. Re1 Qc2 17. Be3 Qxd1 18. Raxd1 Bg4 19. Bxd4 Bxd1 20. Bd5+ Kh8
21. Bc5 Rad8 22. Rxd1 c6 23. Bf3 Rxd1+ 24. Bxd1 Rd8 25. Bb3 Rd2 26. Bxa7 Rxb2
27. c5 1-0

[Event "7th Paleochora Open 2014"]
[Site "Paleochora GRE"]
[Date "2014.07.22"]
[Round "3.18"]
[White "Liodakis, Konstantinos-Spyros"]
[Black "Kapnisis, Spyridon"]
[Result "0-1"]
[BlackTitle "GM"]
[WhiteElo "2177"]
[BlackElo "2455"]
[WhiteFideId "4217136"]
[BlackFideId "4203445"]
[EventDate "2014.07.21"]

1. e3 c5 2. b3 Nc6 3. Bb2 Nf6 4. f4 g6 5. Nf3 Bg7 6. Bb5 Qc7 7. O-O O-O 8. Qe1
Nb4 9. Na3 d6 10. c3 Nc6 11. e4 a6 12. Bxc6 Qxc6 13. e5 dxe5 14. fxe5 Ng4 15.
Qh4 Nxe5 16. Nxe5 Bxe5 17. Qxe7 Be6 18. Rae1 Bg7 19. Nc4 Rad8 20. Bc1 Rd7 21.
Qh4 Rd5 22. Qg3 b5 23. Ne3 Rd3 24. Qf4 h5 25. Nd1 Rd5 26. Qg3 Bh6 27. Re5 Qd6
28. Rfe1 Bxd2 29. Bxd2 Rxe5 30. Qxe5 Qxd2 31. Nf2 Bf5 32. h3 f6 33. Qe7 Rf7 34.
Qe8+ Rf8 35. Qe7 Qxc3 36. Re3 Qd4 37. g4 hxg4 38. hxg4 Bxg4 39. Re4 Qa1+ 40. Re1
Qc3 41. Re3 Qc1+ 42. Kg2 Bf5 43. Ne4 Rf7 44. Qe8+ Kg7 45. Ng3 Bd7 46. Qe4 Qd2+
47. Re2 Qd6 0-1

[Event "7th Paleochora Open 2014"]
[Site "Paleochora GRE"]
[Date "2014.07.22"]
[Round "3.19"]
[White "Prasanna, Raghuram Rao"]
[Black "Tzouganakis, Panteleimon"]
[Result "1/2-1/2"]
[WhiteTitle "IM"]
[WhiteElo "2455"]
[BlackElo "2185"]
[WhiteFideId "5022401"]
[BlackFideId "4215826"]
[EventDate "2014.07.21"]

1. e4 c5 2. Nf3 d6 3. d4 cxd4 4. Nxd4 Nf6 5. Nc3 e6 6. Be2 a6 7. O-O Be7 8. Be3
O-O 9. f4 Qc7 10. Kh1 Nc6 11. Qe1 Bd7 12. Qg3 Nxd4 13. Bxd4 Bc6 14. Rae1 b5 15.
a3 Rac8 16. Bd3 e5 17. fxe5 Nh5 18. Qe3 dxe5 19. Bxe5 Qxe5 20. Rf5 Qe6 21. Rxh5
Qg4 22. Rh3 Bg5 23. Qf2 g6 24. Rf1 Qe6 25. Rf3 Rce8 26. Qa7 Ra8 27. Qc7 Kg7 28.
Ne2 Rad8 29. Qg3 Be7 30. Qf4 Bd6 31. Qe3 Be5 32. Rh3 h5 33. Nf4 Bxf4 34. Qxf4
Rfe8 35. Rhf3 Rd7 36. Qg5 Bxe4 37. Bxe4 Qxe4 38. Qf6+ Kg8 39. Qxa6 Qe2 40. Qc6
Ree7 41. h3 Rd2 42. Rf4 Rc7 43. Qa8+ Kg7 44. c3 Re7 45. Qc6 f5 46. R4f2 Qxf2 47.
Rxf2 Rxf2 48. Qxb5 Ree2 49. a4 f4 50. Qb7+ Kh6 51. Qf7 f3 52. Qf4+ Kg7 53. Qc7+
Kh6 54. Qf4+ Kg7 55. Qc7+ Kh6 1/2-1/2

[Event "7th Paleochora Open 2014"]
[Site "Paleochora GRE"]
[Date "2014.07.22"]
[Round "3.20"]
[White "Dorfanis, Ilarion"]
[Black "Petrov, Marijan"]
[Result "0-1"]
[BlackTitle "GM"]
[WhiteElo "2162"]
[BlackElo "2438"]
[WhiteFideId "4204298"]
[BlackFideId "2901773"]
[EventDate "2014.07.21"]

1. e4 c5 2. Nf3 Nc6 3. d4 cxd4 4. Nxd4 Qb6 5. Nb3 Nf6 6. Nc3 e6 7. Qe2 Bb4 8.
Bd2 O-O 9. a3 Be7 10. O-O-O d5 11. e5 Nd7 12. f4 a6 13. h4 Qc7 14. Qh5 f5 15.
Bd3 b5 16. g4 g6 17. Qh6 Nd8 18. Nxd5 exd5 19. e6 Nxe6 20. h5 Nf6 21. hxg6 Bd6
22. Bxf5 Nxf4 23. gxh7+ Kh8 24. Kb1 Bxf5 25. gxf5 Ne2 26. Rde1 Rae8 27. Bg5 Qf7
28. Nd4 Ng4 29. Qxd6 Nxd4 30. Be7 Nxf5 31. Qf4 Rxe7 32. Qxg4 Qg7 33. Qb4 Rxe1+
34. Rxe1 Rc8 35. Qf4 Nd4 36. c3 Nc6 37. Ka2 d4 38. Qf5 Rf8 39. Qc5 Qf7+ 40. Ka1
Qf6 41. Rg1 dxc3 42. Rg8+ Rxg8 43. hxg8=Q+ Kxg8 44. bxc3 Qf1+ 45. Kb2 Qe2+ 46.
Kb3 Qe6+ 47. Kb2 Ne5 48. Qg1+ Kf8 0-1

[Event "7th Paleochora Open 2014"]
[Site "Paleochora GRE"]
[Date "2014.07.22"]
[Round "3.21"]
[White "Lekic, Dusan"]
[Black "Naoum, Spyridon"]
[Result "1/2-1/2"]
[WhiteTitle "IM"]
[WhiteElo "2433"]
[BlackElo "2162"]
[WhiteFideId "905330"]
[BlackFideId "4227506"]
[EventDate "2014.07.21"]

1. c4 Nf6 2. g3 g6 3. Bg2 d6 4. d4 Bg7 5. Nf3 O-O 6. O-O Nc6 7. Nc3 a6 8. Re1
Rb8 9. Rb1 b5 10. cxb5 axb5 11. b4 e6 12. a3 Bd7 13. h3 Qc8 14. Kh2 Ne7 15. Rb3
Rd8 16. e4 Be8 17. Qe2 c5 18. e5 dxe5 19. dxc5 Nf5 20. Bg5 Bc6 21. Bxf6 Bxf6 22.
Ne4 Bg7 23. g4 Bd5 24. gxf5 Bxb3 25. f6 Bh6 26. Nd6 Bf4+ 27. Kg1 Rxd6 28. cxd6
Qd7 29. Nxe5 Qxd6 30. Nc6 Bc4 31. Qc2 Re8 32. Rd1 Qc7 33. a4 Kh8 34. axb5 Bxb5
35. Qc5 Be2 36. Ra1 Qd6 37. Qa7 Kg8 38. Qa4 Bg5 39. Nd4 Rb8 40. Nxe2 Bxf6 41.
Rb1 Qd3 42. Qa2 Be7 43. Bf1 Rxb4 44. Rxb4 Bxb4 45. Qa8+ Kg7 46. Qa1+ Kg8 47. Ng3
Qd8 48. Bg2 Be7 49. Qa8 Qxa8 50. Bxa8 Kg7 51. Kg2 Bf6 52. Bc6 Be5 53. Ne4 h6 54.
Ba4 Bc7 55. Bb3 Be5 56. f3 Bf4 57. Kf2 Bc7 58. Ke2 Bb8 59. Kd3 Be5 60. Kc4 g5
61. Kb5 Kg6 62. Bd1 Bf4 63. Kc6 Kh5 64. Kd7 Kh4 65. Nf6 Be5 66. Ng4 Bg7 67. Ke7
h5 68. Kxf7 hxg4 69. hxg4 Be5 1/2-1/2

[Event "7th Paleochora Open 2014"]
[Site "Paleochora GRE"]
[Date "2014.07.22"]
[Round "3.22"]
[White "Michelakos, Panagiotis"]
[Black "Ahlander, Bjorn"]
[Result "1/2-1/2"]
[BlackTitle "IM"]
[WhiteElo "2156"]
[BlackElo "2426"]
[WhiteFideId "4216067"]
[BlackFideId "1700251"]
[EventDate "2014.07.21"]

1. e4 c5 2. Nf3 d6 3. d4 cxd4 4. Nxd4 Nf6 5. Nc3 e6 6. g4 a6 7. g5 Nfd7 8. Bg2
b5 9. f4 b4 10. Nce2 Bb7 11. Be3 Nc5 12. Ng3 d5 13. exd5 Bxd5 14. Bxd5 Qxd5 15.
Qf3 Qxf3 16. Nxf3 Nc6 17. O-O-O g6 18. Rhe1 Rc8 19. f5 gxf5 20. Nxf5 Ne4 21.
N5d4 Nd6 22. Nxc6 Rxc6 23. Bd4 Rg8 24. Ne5 Rc8 25. h4 h5 26. Nd3 Nf5 27. Nf4
Nxh4 28. Nxh5 Rxg5 29. Nf6+ Ke7 30. Nh7 Rg2 31. Bf6+ Ke8 32. Bxh4 Rcxc2+ 33. Kb1
Rxb2+ 34. Ka1 Rxa2+ 35. Kb1 Rab2+ 36. Ka1 Ra2+ 37. Kb1 Rgb2+ 38. Kc1 Bh6+ 39.
Bg5 Rc2+ 40. Kb1 Rab2+ 41. Ka1 Ra2+ 42. Kb1 Rcb2+ 43. Kc1 Bxg5+ 44. Nxg5 Rc2+
45. Kb1 Rcb2+ 46. Kc1 Ke7 47. Nf3 Rf2 48. Kb1 Rab2+ 49. Ka1 Rbe2 50. Rxe2 Rxe2
51. Nd4 Re4 52. Nc6+ Kf6 53. Kb2 Kg5 54. Rg1+ Kh4 55. Kb3 f5 56. Nxb4 f4 57.
Nxa6 f3 58. Nc5 Re3+ 59. Kc2 f2 60. Rf1 Kg3 61. Kd2 Kf3 62. Nd3 Re2+ 63. Kc3 e5
64. Rxf2+ Rxf2 65. Nxe5+ Ke4 66. Nc4 Rf3+ 67. Kb4 Kd4 68. Nd2 Rf4 69. Nb3+ Kd3+
70. Kb5 Kc3 71. Nc5 Rh4 72. Na4+ Kd4 73. Kb4 Rh8 74. Kb5 Rh1 75. Kc6 Rc1+ 76.
Kb5 Ra1 77. Nb6 Rg1 78. Na4 Rc1 79. Nb6 Rc5+ 80. Kb4 Rf5 81. Na4 Kd5 82. Nc3+
Kc6 83. Kc4 Rh5 84. Kd4 Kd6 85. Ne4+ Ke6 86. Nc5+ Kd6 87. Ne4+ Kc6 88. Ng3 Rd5+
89. Ke4 Ra5 90. Nf5 Ra1 91. Nd4+ Kd6 92. Nf5+ Kc5 93. Ne3 Ra3 94. Nf5 Ra8 95.
Ke5 Re8+ 96. Kf4 Kd5 97. Ne3+ Kd4 98. Nf5+ Kd3 99. Nd6 Re6 100. Nf5 Re4+ 101.
Kg5 Ra4 102. Kf6 Kc4 103. Nd6+ Kd5 104. Nf5 Rf4 105. Kg5 Ke5 106. Nh4 Rf1 107.
Ng6+ Ke4 108. Ne7 Rf7 109. Ng6 Rf5+ 110. Kg4 Rf1 111. Kg5 Rf2 112. Ne7 Rf7 113.
Ng6 Rg7 114. Kf6 Rxg6+ 115. Kxg6 1/2-1/2

[Event "7th Paleochora Open 2014"]
[Site "Paleochora GRE"]
[Date "2014.07.22"]
[Round "3.23"]
[White "Swapnil, S. Dhopade"]
[Black "Hakobyan, Aram"]
[Result "1/2-1/2"]
[WhiteTitle "IM"]
[BlackTitle "FM"]
[WhiteElo "2421"]
[BlackElo "2157"]
[WhiteFideId "5019184"]
[BlackFideId "13306677"]
[EventDate "2014.07.21"]

1. d4 Nf6 2. c4 e6 3. Nf3 b6 4. g3 Ba6 5. Qc2 Bb4+ 6. Bd2 Be7 7. Bg2 O-O 8. Ne5
c6 9. O-O d5 10. Rd1 Nfd7 11. cxd5 Nxe5 12. dxe5 cxd5 13. Bc3 Nc6 14. Qa4 Qc8
15. Qg4 Rd8 16. e3 Qc7 17. f4 Bc5 18. Bd4 Nxd4 19. exd4 Bxd4+ 20. Rxd4 Qc1+ 21.
Rd1 Qxb2 22. Nd2 Rac8 23. Qf3 Rc3 24. Qf2 Rc2 25. Bf1 Bxf1 26. Kxf1 Rdc8 27. a4
h6 28. Rab1 Qa3 29. Ra1 Qc3 1/2-1/2

[Event "7th Paleochora Open 2014"]
[Site "Paleochora GRE"]
[Date "2014.07.22"]
[Round "3.24"]
[White "Djingarova, Emilia"]
[Black "Zisiadis, Dimitrios"]
[Result "1-0"]
[WhiteTitle "WGM"]
[WhiteElo "2303"]
[BlackElo "1882"]
[WhiteFideId "2903229"]
[BlackFideId "4262921"]
[EventDate "2014.07.21"]

1. d4 d5 2. c4 c6 3. Nf3 Nf6 4. e3 e6 5. b3 Nbd7 6. Bb2 Bd6 7. Nbd2 O-O 8. Bd3
b6 9. Qc2 Bb7 10. O-O Qc7 11. Rac1 Rac8 12. h3 Rfe8 13. a3 c5 14. e4 dxe4 15.
Nxe4 Nxe4 16. Bxe4 Bxe4 17. Qxe4 Nf6 18. Qc2 cxd4 19. Nxd4 a6 20. Qe2 Red8 21.
Rcd1 Qe7 22. Nc2 e5 23. Rfe1 Re8 24. b4 Qe6 25. Ne3 a5 26. Nd5 axb4 27. axb4
Nxd5 28. Rxd5 Bxb4 29. Rxe5 Bxe1 30. Rxe6 Rxe6 31. Qg4 g6 32. Qd4 f6 33. Qd5 Re8
34. Bxf6 Kf7 35. Bb2 Bb4 36. Bd4 Ba5 37. g4 Re7 38. g5 Rc7 39. Be5 Rc5 40. Qb7+
Re7 41. Qf3+ Ke8 42. Bf6 Rd7 43. Qe4+ Kf7 44. h4 h5 45. Be5 b5 46. Qf3+ Ke8 47.
Qf6 Rxc4 48. Qxg6+ Kd8 49. Qxh5 Rc1+ 50. Kg2 Rdd1 51. g6 Rg1+ 52. Kf3 Rc6 53.
Qh8+ Kd7 54. g7 Rcg6 55. h5 R6g5 56. Bg3 1-0

[Event "7th Paleochora Open 2014"]
[Site "Paleochora GRE"]
[Date "2014.07.22"]
[Round "3.25"]
[White "Zoldan, Matteo"]
[Black "Zubarev, Alexander1"]
[Result "0-1"]
[WhiteTitle "CM"]
[BlackTitle "GM"]
[WhiteElo "2207"]
[BlackElo "2583"]
[WhiteFideId "805319"]
[BlackFideId "14104385"]
[EventDate "2014.07.21"]

1. e4 c5 2. Nf3 Nc6 3. d4 cxd4 4. Nxd4 Qb6 5. Nb3 Nf6 6. Nc3 e6 7. Bd3 a6 8. f4
d6 9. Qe2 Be7 10. g4 Qc7 11. Bd2 b5 12. g5 Nd7 13. O-O-O Nc5 14. Rde1 b4 15. Nd1
Nxb3+ 16. axb3 Nd4 17. Qf2 Nxb3+ 18. Kb1 Nxd2+ 19. Qxd2 Qc5 20. Qe3 Qxe3 21.
Nxe3 Bb7 22. Nc4 a5 23. Rhg1 Bc6 24. Rg3 a4 25. Bf1 O-O 26. h4 a3 27. bxa3 bxa3
28. Rxa3 Rxa3 29. Nxa3 Rb8+ 30. Ka2 Ra8 31. Re3 d5 32. exd5 Bxd5+ 33. c4 Bc6 34.
Kb2 Bc5 35. Rb3 Bd6 36. Nb5 Bxf4 37. Be2 Be5+ 38. Kc2 g6 39. Bf3 Ra4 40. Na3
Bxf3 41. Rxf3 Bd6 42. Nb5 Rxc4+ 43. Kd3 Rc5 44. Nd4 Ra5 45. Rf1 Ra3+ 46. Ke4 Ra4
47. Kd3 e5 48. Nb5 Rxh4 49. Nxd6 Rd4+ 0-1

[Event "7th Paleochora Open 2014"]
[Site "Paleochora GRE"]
[Date "2014.07.22"]
[Round "3.26"]
[White "Rocchi, Federico"]
[Black "Rombaldoni, Axel"]
[Result "0-1"]
[BlackTitle "GM"]
[WhiteElo "1908"]
[BlackElo "2505"]
[WhiteFideId "826308"]
[BlackFideId "815837"]
[EventDate "2014.07.21"]

1. c4 e5 2. g3 h5 3. h4 Bc5 4. Bg2 Nc6 5. Nc3 Nge7 6. d3 d6 7. a3 a5 8. b3 Bg4
9. Bb2 Qd7 10. Nf3 f6 11. Nb5 O-O 12. Qd2 Bb6 13. O-O Nd8 14. b4 Bh3 15. e4 Bxg2
16. Kxg2 Ng6 17. d4 Ne6 18. Rh1 f5 19. exf5 Rxf5 20. Ng5 Raf8 21. Nxe6 Qxe6 22.
c5 dxc5 23. dxc5 Qc6+ 24. Kg1 Bxc5 25. bxc5 Qxb5 26. Rh2 Qxc5 27. a4 Rf3 28. Rg2
b6 29. Rc1 Qd6 30. Qe2 R8f7 31. Qe4 Qd3 32. Qc6 R3f6 33. Qb7 c5 34. Qc8+ Rf8 35.
Qc7 Qd6 36. Qb7 Qc6 37. Qa6 Qxa4 38. f4 Qe4 39. Re2 Qf3 40. fxe5 Qxg3+ 41. Rg2
Qe3+ 42. Kh1 Rf4 43. Qb7 Rf1+ 44. Rxf1 Rxf1+ 45. Kh2 Qf4+ 0-1

[Event "7th Paleochora Open 2014"]
[Site "Paleochora GRE"]
[Date "2014.07.22"]
[Round "3.27"]
[White "Theodoulidis, Theodoros"]
[Black "Jens, Jelmer"]
[Result "1-0"]
[BlackTitle "IM"]
[WhiteElo "2116"]
[BlackElo "2394"]
[WhiteFideId "4200810"]
[BlackFideId "1007394"]
[EventDate "2014.07.21"]

1. e4 e5 2. Nf3 Nc6 3. Bb5 a6 4. Ba4 Nf6 5. d4 exd4 6. O-O Be7 7. Re1 b5 8. Bb3
d6 9. Bd5 Nxd5 10. exd5 Ne5 11. Nxd4 O-O 12. a4 Bg4 13. Qd2 Bd7 14. Nc3 b4 15.
Ne4 Qb8 16. f4 Ng6 17. f5 Ne5 18. f6 gxf6 19. Rf1 Kh8 20. Nxf6 Bxf6 21. Rxf6 Rg8
22. b3 Bh3 23. Rf2 Qb7 24. Nc6 f6 25. Qh6 1-0

[Event "7th Paleochora Open 2014"]
[Site "Paleochora GRE"]
[Date "2014.07.22"]
[Round "3.28"]
[White "Theodorou, Nikolas"]
[Black "Stefanatos, Nikolaos"]
[Result "1-0"]
[WhiteElo "2257"]
[BlackElo "1891"]
[WhiteFideId "4262875"]
[BlackFideId "4223101"]
[EventDate "2014.07.21"]

1. e4 d5 2. exd5 Qxd5 3. Nf3 Bg4 4. Be2 Nc6 5. Nc3 Qd7 6. O-O O-O-O 7. b4 f5 8.
b5 Bxf3 9. Bxf3 Nd4 10. d3 g5 11. Bxg5 Bg7 12. Bh5 Nf6 13. Bxf6 Bxf6 14. Rb1
Rhg8 15. a4 f4 16. Ne4 Qh3 17. g3 Be5 18. Bf3 Rdf8 19. Bg2 Qf5 20. c3 Ne6 21. d4
Bh8 22. Qf3 Bxd4 23. Nd2 fxg3 24. Qxf5 gxh2+ 25. Kh1 Rxf5 26. Bh3 Rg1+ 27. Rxg1
hxg1=Q+ 28. Kxg1 Bxf2+ 29. Kf1 Rf4 30. Bxe6+ Kb8 31. Ke2 Rf6 32. Bg4 Rf4 33. Bf3
Bb6 34. Ne4 h5 35. Rd1 Kc8 36. c4 a5 37. c5 Rxe4+ 38. Bxe4 Bxc5 39. Rh1 b6 40.
Bc6 e6 41. Rxh5 Kd8 42. Rh7 Bd6 43. Kd3 Bf4 44. Ke4 Bd6 45. Bd7 e5 46. Kd5 1-0

[Event "7th Paleochora Open 2014"]
[Site "Paleochora GRE"]
[Date "2014.07.22"]
[Round "3.29"]
[White "Pandini, Giuseppe"]
[Black "Linhart, Wolfgang"]
[Result "0-1"]
[WhiteElo "1722"]
[BlackElo "2154"]
[WhiteFideId "838292"]
[BlackFideId "4636244"]
[EventDate "2014.07.21"]

1. f4 d5 2. Nf3 Nf6 3. e3 g6 4. Nc3 Bg7 5. d4 O-O 6. Be2 b6 7. O-O Bb7 8. Ne5
Nfd7 9. Bf3 e6 10. Ng4 c5 11. Ne2 Nc6 12. c3 b5 13. Ng3 b4 14. Be2 a5 15. Bd2
Ba6 16. Bxa6 Rxa6 17. Qc2 Qb6 18. Ne2 Rc8 19. Rab1 Raa8 20. Nf2 cxd4 21. exd4
Nxd4 22. Nxd4 Bxd4 23. Qd3 Bg7 24. Be3 Qa6 25. Rfc1 Qxd3 26. Nxd3 bxc3 27. bxc3
Rxc3 28. Rxc3 Bxc3 29. Rb7 Nf6 30. Rc7 Ne4 31. Ba7 Rxa7 0-1

[Event "7th Paleochora Open 2014"]
[Site "Paleochora GRE"]
[Date "2014.07.22"]
[Round "3.30"]
[White "Mihajlov, Svetoslav"]
[Black "Tetepoulidis, Ioannis"]
[Result "1-0"]
[WhiteElo "2154"]
[BlackElo "1736"]
[WhiteFideId "1507168"]
[BlackFideId "4243528"]
[EventDate "2014.07.21"]

1. e4 e6 2. d4 d5 3. Nd2 dxe4 4. Nxe4 Nd7 5. Nf3 Ngf6 6. Nxf6+ Nxf6 7. Bd3 Be7
8. O-O O-O 9. Qe2 c5 10. dxc5 Bxc5 11. Bg5 Be7 12. Rad1 Qc7 13. c4 Rd8 14. Ne5
Bd7 15. Bxf6 Bxf6 16. Bxh7+ Kf8 17. Ng4 Be7 18. Bb1 Bc6 19. Ne5 Bf6 20. f4 Rxd1
21. Rxd1 Rd8 22. Nd3 Qb6+ 23. Kh1 Qd4 24. b3 Qe4 25. Qxe4 Bxe4 26. Kg1 Bd4+ 27.
Kf1 Ke7 28. Bc2 Be3 29. g3 Bf3 30. Rb1 Rh8 31. h4 Rd8 32. Re1 Bd2 33. Rb1 Be3
34. b4 f6 35. Rb3 Be4 36. Nc5 Bxc2 37. Rxe3 Bf5 38. Nxe6 Bxe6 39. f5 Rd4 40.
Rxe6+ Kd7 41. Re3 Rxc4 42. a3 Rc2 43. Kg1 Rd2 44. Re4 Kd8 45. Rg4 Rd7 46. a4 Ke8
47. Kf2 Kf7 48. Rc4 a6 49. Kf3 g6 50. fxg6+ Kxg6 51. a5 Rd5 52. g4 Rb5 53. h5+
Kg7 54. Kf4 Kh6 55. Rd4 Kg7 56. Kg3 Kh6 57. Kh4 Kg7 58. Rd7+ Kf8 59. h6 Kg8 60.
Rg7+ Kf8 61. Rg6 1-0

[Event "7th Paleochora Open 2014"]
[Site "Paleochora GRE"]
[Date "2014.07.23"]
[Round "4.1"]
[White "Delchev, Aleksander"]
[Black "Pakleza, Zbigniew"]
[Result "1-0"]
[WhiteTitle "GM"]
[BlackTitle "IM"]
[WhiteElo "2644"]
[BlackElo "2487"]
[WhiteFideId "2900394"]
[BlackFideId "1119290"]
[EventDate "2014.07.21"]

1. e4 e5 2. Nf3 Nc6 3. Bb5 a6 4. Ba4 Nge7 5. c3 g6 6. d4 exd4 7. cxd4 b5 8. Bc2
d5 9. Bg5 Bg7 10. exd5 Qxd5 11. Nc3 Qe6+ 12. Kf1 Qd7 13. Ne4 O-O 14. Bf6 Qd5 15.
Nfg5 h6 16. h4 Qf5 17. Nh7 Nd5 18. Kg1 Kxh7 19. Ng5+ hxg5 20. hxg5+ Kg8 21. Bxf5
Bxf5 22. Rc1 Ncb4 23. g4 Be6 24. Bxg7 Kxg7 25. Qe2 Rg8 26. a3 Na2 27. Qe5+ Kf8
28. Rc5 Rd8 29. Kh2 b4 30. Ra1 b3 31. Kg3 Ke7 32. Rh1 Rd6 33. f4 Kd7 34. Re1 Ne7
35. d5 Nxd5 36. Rd1 Re8 37. Qd4 Kd8 38. f5 gxf5 39. gxf5 Ne7 40. fxe6 Rxd4 41.
Rxd4+ Kc8 42. exf7 Rf8 43. Rf4 Kd7 44. Rf6 a5 45. Kg4 a4 46. Rc4 Nd5 47. Rd4 Nc3
48. bxc3 c6 49. g6 b2 50. Rf1 Ke7 51. Re4+ Kd6 1-0

[Event "7th Paleochora Open 2014"]
[Site "Paleochora GRE"]
[Date "2014.07.23"]
[Round "4.2"]
[White "Rombaldoni, Denis"]
[Black "Gupta, Abhijeet"]
[Result "0-1"]
[WhiteTitle "IM"]
[BlackTitle "GM"]
[WhiteElo "2484"]
[BlackElo "2634"]
[WhiteFideId "813575"]
[BlackFideId "5010608"]
[EventDate "2014.07.21"]

1. d4 e6 2. Nf3 c5 3. e3 Nf6 4. Bd3 d5 5. b3 Nc6 6. O-O cxd4 7. exd4 Bd6 8. Qe2
O-O 9. a3 b6 10. Bb2 Bb7 11. Nbd2 Rc8 12. Ne5 Ne7 13. f4 Rc7 14. c4 Nf5 15. cxd5
Nxd5 16. g4 Bxe5 17. Qxe5 Nfe3 18. g5 Nxf1 19. Rxf1 Nc3 20. Kf2 f6 21. Qe3 Kh8
22. Bxh7 Nd5 23. Qg3 fxg5 24. Bb1 Rxf4+ 25. Ke1 Rxf1+ 26. Nxf1 Qf6 27. Nd2 Qf4
28. Nc4 b5 29. Qh3+ Qh4+ 30. Qxh4+ gxh4 0-1

[Event "7th Paleochora Open 2014"]
[Site "Paleochora GRE"]
[Date "2014.07.23"]
[Round "4.3"]
[White "Borovikov, Vladislav"]
[Black "Stopa, Jacek"]
[Result "1/2-1/2"]
[WhiteTitle "GM"]
[BlackTitle "IM"]
[WhiteElo "2556"]
[BlackElo "2482"]
[WhiteFideId "14102811"]
[BlackFideId "1119591"]
[EventDate "2014.07.21"]

1. d4 f5 2. Nf3 Nf6 3. c4 g6 4. g3 Bg7 5. Bg2 O-O 6. O-O d6 7. Nc3 Nc6 8. d5 Ne5
9. Nxe5 dxe5 10. Qb3 Kh8 11. Rd1 h6 12. c5 g5 13. Bd2 a6 14. Na4 Qe8 15. Ba5 Bd7
16. c6 bxc6 17. dxc6 Bxc6 18. Bxc6 Qxc6 19. Rac1 Qb5 20. Bxc7 e4 21. Nc3 Qxb3
22. axb3 Ra7 23. Na4 Rc8 24. Ba5 Rxc1 25. Rxc1 Rd7 26. Rc8+ Kh7 27. Rd8 Rxd8 28.
Bxd8 Nd5 29. Nc5 Bxb2 30. Nxa6 Bc3 31. Nc7 Nxc7 32. Bxc7 g4 33. Bb6 Bb4 34. h3
h5 35. hxg4 hxg4 36. Bd4 1/2-1/2